| 000 | 00853nam a2200253Ia 4500 | ||
|---|---|---|---|
| 003 | 0 | ||
| 005 | 20250129094904.0 | ||
| 008 | 190909s9999 xx 000 0 und d | ||
| 050 |
_aPGS BF 698 _b.Y46 2019 |
||
| 100 | _aYeon, Woo Bae. | ||
| 245 |
_aGender and learning styles / _cWoo Bae Yeon. |
||
| 260 |
_aLas PiƱas City, Philippines : _bSouthville International School and Colleges, _c2019. |
||
| 300 |
_a26 p. : _bill. ; _c28 cm. |
||
| 504 | _aIncludes bibliographical references. | ||
| 650 | _aLearning styles. | ||
| 650 | _aGender differences in education. | ||
| 650 |
_aLearning _vPsychological aspects. |
||
| 650 | _aSex differences in education. | ||
| 650 | _aEducational psychology. | ||
| 650 | _aSex differences in learning. | ||
| 650 | _aLearning preferences. | ||
| 650 |
_aStudent learning _vGender aspects. |
||
| 942 |
_2lcc _cPASS |
||
| 999 |
_c362076 _d362076 |
||